000
00241nam a22001097a 4500
082
_a
920/MON
100
_a
Mondal,Bajai
_9
83568
245
_a
Subhas Chandra Bose
260
_a
Kolkata
_b
B Mandal
_c
2022
650
_a
Biography
942
_c
BK
999
_c
68510
_d
68510